000
00230nam a22000857a 4500
008
160708b xxu||||| |||| 00| 0 eng d
100
_9
2465
_a
American Heritage
245
_a
Mississippi, Missouri, Montana, Nebraska
260
_a
American
999
_c
2135
_d
2135